Economic development

Gespeichert in:
Bibliographische Detailangaben
1. Verfasser: Nafziger, E. Wayne
Format: Buch
Sprache:Englisch
Veröffentlicht: Cambridge Cambridge University Press 2006
Ausgabe:4th ed.
Schlagworte:
Tags: Tag hinzufügen
Keine Tags, Fügen Sie das erste Tag hinzu!

MARC

LEADER 00000nam$a2200000$$$4500
001 0042535
005 20240306135630.8
020 |a 0-521-82966-6 
041 0 |a eng 
044 |a US 
245 1 0 |a Economic development  |c E. Wayne Nafziger 
250 |a 4th ed. 
264 1 |a Cambridge  |b Cambridge University Press  |c 2006 
300 |a xxiv, 846 s. 
610 2 0 |a rozvoj hospodársky 
610 2 0 |a krajiny rozvojové 
610 2 0 |a situácia hospodárska 
610 2 0 |a rast hospodársky 
610 2 0 |a stabilizácia hospodárstva 
610 2 0 |a reformy hospodárske 
100 1 |a Nafziger, E. Wayne